Nízkotepelná izomerizace C5-C6 - uhlovodíků z ropy

Bibliographic Details
Main Authors: Švajgl, Oldřich (Author), Pražák, Václav (Author)
Format: Article
Language:Slovak
Czech
PhysicalDescription:Tb. 8. Grafy 3. Diagr. 3. Sch. 2., lit. 24 zázn. v češ., ruš., nem., angl.
Subjects:

MARC

LEADER 00000nab a2200000 a 4500
001 vtls000173131
003 SK-MaSNL
005 20260304063435.0
008 250422c1984 xo 0 slo
015 |a SNBRB19rr/mm-uuuuu 
035 |a CL0183243 
035 |a urn:nbn:sk:snk-abanxb 
035 |a (urnnbn)urn:nbn:sk:snk:ar-a0a545 
035 |a (uuid)236bab71-ecf1-4f39-a31c-2feb71864c0e 
040 |a SNKBUCL  |b slo  |c SNKBUCL  |e AACR2 
041 0 |a cze 
044 |a xo  |c SK 
080 |a 665.7.038.3:662.753.1  |2 1981 
080 |a 662.753.1  |2 1981 
100 1 |a Švajgl, Oldřich  |4 aut  |9 461997 
245 1 0 |a Nízkotepelná izomerizace C5-C6 - uhlovodíků z ropy  |c Oldřich Švajgl, Václav Pražák 
300 |b Tb. 8. Grafy 3. Diagr. 3. Sch. 2., lit. 24 zázn. v češ., ruš., nem., angl. 
650 0 7 |a uhľovodíky C5-C6  |2 snkbucl  |9 1349889 
650 0 7 |a ropa  |2 snkbucl  |9 14547 
655 7 |a články z novín a časopisov  |2 snkbucl  |9 267496 
700 1 |a Pražák, Václav  |4 aut  |9 1308576 
773 0 |t Ropa a uhlie  |g Roč. 26, č. 1 (1984), s. 12-25 
850 |a Slovenská národná knižnica 
852 |a Slovenská národná knižnica 
958 |a article14 
958 |a OND 
958 |a RK 
958 |a CZ 
958 |a NB 
958 |a EUIPO 
992 |a RBX 
999 |c 2742598  |d 2744528